Anthology of Soviet short stories Vol.1 (Record no. 199075)

MARC details
000 -LEADER
fixed length control field 00345nam a2200133Ia 4500
008 - FIXED-LENGTH DATA ELEMENTS--GENERAL INFORMATION
fixed length control field 231217s9999 xx 000 0 und d
041 ## - LANGUAGE CODE
Language code of text/sound track or separate title English
082 ## - DEWEY DECIMAL CLASSIFICATION NUMBER
Classification number 891.73 ATA;1 R
100 ## - MAIN ENTRY--PERSONAL NAME
Personal name Atarov, Nikolai.
245 #0 - TITLE STATEMENT
Title Anthology of Soviet short stories Vol.1
260 ## - PUBLICATION, DISTRIBUTION, ETC.
Date of publication, distribution, etc. 1976
Name of publisher, distributor, etc. Progress Publishers
Place of publication, distribution, etc. Moscow
300 ## - PHYSICAL DESCRIPTION
Extent 425
942 ## - ADDED ENTRY ELEMENTS (KOHA)
Koha item type Books
Holdings
Date last seen Total checkouts Full call number Accession number Price effective from Category Lost status Damaged status Department Withdrawn status Home library Current library Shelving location Entry date Grants Currency symbol Conversion rate Discount
26/01/2024   891.73 ATA;1 R 92750 26/01/2024 Books     EC   Central Library Central Library Central Library 29/07/2019 DONATED RS 1  

© For any Suggestions or Query, please contact the library staff @ librarian@pes.edu or Phone: +9180 2672 1983/ 2108.